Particle astrophysics and cosmology (Record no. 11030)

MARC details
000 -LEADER
fixed length control field 00944nam a2200241Ia 4500
003 - CONTROL NUMBER IDENTIFIER
control field IN-BaIIA
008 - FIXED-LENGTH DATA ELEMENTS--GENERAL INFORMATION
fixed length control field 211028s9999 xx 000 0 eng d
020 ## - INTERNATIONAL STANDARD BOOK NUMBER
International Standard Book Number 0-7923-2235-5
040 ## - CATALOGING SOURCE
Transcribing agency IIA Library
080 ## - UNIVERSAL DECIMAL CLASSIFICATION NUMBER
Universal Decimal Classification number 524-48
Item number SHA
111 ## - MAIN ENTRY--MEETING NAME
Meeting name or jurisdiction name as entry element NATO Advanced Study Institute Conferance
Location of meeting Italy
Date of meeting or treaty signing 1992 June 20-30
9 (RLIN) 18880
245 #0 - TITLE STATEMENT
Title Particle astrophysics and cosmology
Remainder of title proceedings of NATO Advanced Study Institute, Erice, Italy, June 20-30, 1992
Statement of responsibility, etc. edited by Mourice M. Shapiro, Rein Silberberg and John P. Wefel
260 ## - PUBLICATION, DISTRIBUTION, ETC.
Place of publication, distribution, etc. Dordrecht,
Name of publisher, distributor, etc. Kluwer Academic
Date of publication, distribution, etc. 1993
300 ## - PHYSICAL DESCRIPTION
Extent vii, 168p.
650 ## - SUBJECT ADDED ENTRY--TOPICAL TERM
Topical term or geographic name entry element Astronomy and Astrophysics Thesaurus
650 ## - SUBJECT ADDED ENTRY--TOPICAL TERM
Topical term or geographic name entry element Cosmology
650 ## - SUBJECT ADDED ENTRY--TOPICAL TERM
Topical term or geographic name entry element Particle astrophysics
9 (RLIN) 16537
700 ## - ADDED ENTRY--PERSONAL NAME
Personal name Shapiro, Mourice M., ed.
9 (RLIN) 18881
700 ## - ADDED ENTRY--PERSONAL NAME
Personal name Silberberg, Rein, ed.
9 (RLIN) 18752
700 ## - ADDED ENTRY--PERSONAL NAME
Personal name Wefel, John P.
9 (RLIN) 18882
710 ## - ADDED ENTRY--CORPORATE NAME
Corporate name or jurisdiction name as entry element NATO Advanced Study Institute
9 (RLIN) 5368
942 ## - ADDED ENTRY ELEMENTS (KOHA)
Koha item type Books
Holdings
Withdrawn status Lost status Damaged status Not for loan Home library Current library Shelving location Date acquired Total Checkouts Full call number Barcode Date last seen Price effective from Koha item type Purchase Price
        IIA Library-Bangalore IIA Library-Bangalore General Stacks 20/04/1994   524-48/ SHA 11943 05/11/2021 20/04/1994 Books DFL 135.00

Powered by Koha